00321 a2200097 4500001001000000005001700010008004100027245005600068100002100124773007800145ART_1154720260410161858.0260409a 10aThe welfare costs of nonoptimal airport utilization1 aLikens, James D.0 tJournal of public economicsg- Vol. 5, NÂș 1/2 (ene./feb. 1976)wREV11485